00793nam a22002297a 45000010005000000030006000050050017000110080041000280200018000690400029000870500015001160820011001311000032001422450098001742600038002723000062003105050008003725200106003805210029004865210020005156500028005354506FISKH20250115083237.0240912b cb ||||| |||| 00| 0 eng d a9780590464642 aFISKHbengcFISKHdFISKH aPC4629.E48 a463.21 aEmberley, Rebecca eauthor  aTaking a walk : A book in two languages : Caminando (Spanish Edition) /cby Rebecca Emberley  aNew York : bScholastic ;c1990.  a27 unnumbered pages : bcolor illustrations ;c23 x 25 cm aF  aLabeled illustrations and Spanish and English text introduce the things a child sees while on a walk.8 a350 bLexile estimate 8 aF bRaz-Plus  abilingual vnon-fiction